000 00733nam a2200253Ia 4500
001 Z_1556
003 CHAP
005 20250122125211.0
008 220113s1984 xx 000 0 und d
010 _a164644
020 _a0-309-03447-7
040 _aZ
_cCHAP
_erda
082 _a636.0852
_bN38 B44 1984
_220
100 _aNational Research Council. Washington
_9137241
245 _aNutrient requirements of beef cattle /
_cby NRC
260 _aWashington :
_bNational Academy Press,
_c1984
300 _a90 p
650 _aAlimentos y alimentación del ganado I.t.
_9137350
650 _aGanado de carne
_xAlimentación
_945068
901 _a636.0852 N38 B44 1984
902 _aA
910 _a1984
942 _cLIBRO
_2ddc
999 _c164644
_d164644